=LDR 00000nam 2200000 4500 =001 INLIS000000000017366 =005 20241024090744 =035 ##$$a 0010-061300000017366 =008 241024################g##########0#ind## =041 ##$$a Ind =082 ##$$a 616.07 =090 ##$$a 616.07, Pri p =100 ##$$a Price, Sylvia Anderson =245 1#$$a Patofisiologi, konsep klinis proses-proses penyakit, /$c Sylvia Anderson Price ; alih bahasa, Brahm U Pendit =260 ##$$a Jakarta :$b buku kedokteran,$c 2006 =300 ##$$a xxv, 734 hlm : $b Ilus ; $c 27 cm =650 #4$$a Patologi Klinis =850 ##$$a NBPNMAT =084 ##$$a 616.07 PRI p =990 ##$$a 21400613/BPAP-NTB/20142014 =990 ##$$a 1258612586 =990 ##$$a 20600723 =990 ##$$a 21400613/BPAP-NTB/20142014